00941nam a2200229 a 450000100100000000500170001000800410002704000130006808200170008110000300009824501050012826000640023330000210029750000650031850400730038350400410045665000310049765000450052804900090057395201140058299900150069600000737820250523102601.0090908s2002 dr 000 0 spa d aDO-SdBNP a121.8bN714i1 aNina Ortiz, Carlos91099210aIntegración de valores en la educación /cCarlos Nina Ortiz; introducción Hermes Tavera Bueno. aSanto Domingo, :bImpresos y diseños El Remanente,c2002. a153 p. ;c21 cm. aEducar es individualizar y socializar con un fin moralizador aIncluye referencias bibliográficas y notas al pie de las páginas aIncluye bibliografías (p. 143-153) 0aValores (Filosofía)9604 4aValores filosofía)xEnseñanza912690 aBNPD 0010718PDaPDbPDcCTd2009-09-08iLF1l0o121.8 N714ip7378-10r2020-06-25w2020-06-25yLFPDZNo se presta c7159d7159